| 000 | 00515nam a2200145Ia 4500 | ||
|---|---|---|---|
| 008 | 231129s1994||||xx |||||||||||||| ||spa|| | ||
| 020 | _a958-601-520-3 | ||
| 040 | _bspa | ||
| 082 | _a350.99 C399c | ||
| 100 | _aCepeda Ulloa Fernando | ||
| 245 | 0 | _aLa corrupción administrativa en Colombia : Diagnóstico y recomendaciones para combatirla | |
| 260 | _c1994 | ||
| 264 | _aSantafé de Bogotá: Tercer Mundo/Contraloria General de la Republica/Fedesarrollo | ||
| 942 |
_2ddc _cBKS |
||
| 999 |
_c16757 _d16757 |
||